000 00328nam a2200121Ia 4500
008 240731s9999 xx 000 0 und d
022 _a2374-474X
245 0 _aScience and Technology for the Built Environment
260 _bTaylor & Francis
856 _uhttps://www.tandfonline.com/loi/uhvc21
942 _2ddc
942 _cTFEJ
999 _c79350
_d79350
945 _a1
_bMadushi Gamage
_c1
_dMadushi Gamage